| 000 | 00422nam a2200121Ia 4500 | ||
|---|---|---|---|
| 008 | 230222s9999||||xx |||||||||||||| ||und|| | ||
| 040 | _cChuka University Library | ||
| 050 |
_aTHE LB 2805 _bI39 2015 |
||
| 100 |
_aIgweta,F.K. _97440 |
||
| 245 | 0 | _aFactors impacting on implementation of development plans in public secondary schools in Meru central sub county ,Kenya | |
| 260 |
_aChuka University _bChuka _c2015 |
||
| 942 | _cBK | ||
| 999 |
_c12444 _d12444 |
||